Phosphorus uptake by rubber (Hevea brasiliensis: Modifications at the rhizosphere for improved uptake (Record no. 53178)

MARC details
000 -LEADER
fixed length control field 00483nam a2200145Ia 4500
100 ## - MAIN ENTRY--AUTHOR NAME
Personal name Joseph M
245 #0 - TITLE STATEMENT
Title Phosphorus uptake by rubber (Hevea brasiliensis: Modifications at the rhizosphere for improved uptake
260 ## - PUBLICATION, DISTRIBUTION, ETC. (IMPRINT)
Name of publisher International Natural Rubber Conference, 13-14 November 2006, Ho Chi Minh City, Vietnam
700 ## - ADDED ENTRY--PERSONAL NAME
Personal name Joseph K
700 ## - ADDED ENTRY--PERSONAL NAME
Personal name Krishnakumar R
700 ## - ADDED ENTRY--PERSONAL NAME
Personal name Neuman G
700 ## - ADDED ENTRY--PERSONAL NAME
Personal name Syamala V K
942 ## - ADDED ENTRY ELEMENTS (KOHA)
Koha item type Bibliography STAF
Holdings
Withdrawn status Lost status Damaged status Not for loan Home library Current library Date acquired Koha item type
      Bibliography RRII Library RRII Library 09/04/2014 Bibliography STAF